El hombre que encontró la verdad (Registro nro. 302640)

Detalles MARC
000 -ENCABEZADO
Número de control [NR] 00982nam a22002417a 4500
005 - FECHA Y HORA DE LA ÚLTIMA TRANSACCIÓN
control field 20160205082327.0
008 - DE LONGITUD FIJA DE DATOS DE ELEMENTOS - INFORMACIÓN GENERAL
Elementos de longitud fija [NR] 160205s1925 sp ||||fr|||| 000 fdspa d
040 ## - FUENTE DE CATALOGACION [NR]
Quien Cataloga Sandra Yazo
Quien Clasifica Sandra Yazo
041 1# - CODIGO DE IDIOMA [R]
Código de idioma para texto/pista de sonido o título separado [R] Español
082 04 - NUMERO DE CLASIFICACION DECIMAL DEWEY [R]
Número de la edición [NR] 20
Número de clasificación [R] 891.73
092 ## - SIGNATURA TOPOGRAFICA LOCAL
Número de clasificación local E38N030
100 1# - ASIENTO PRINCIPAL--NOMBRE PERSONAL [NR]
Nombre personal [NR] Andreyev, Leonid
Fechas asociadas con el nombre [NR] 1871-1919
ID Autoridad 75263
245 13 - MENCION DE TITULO [NR]
Título [NR] El hombre que encontró la verdad
Parte restante del título [NR] novela
Mención de responsabilidad, etc. [NR] Leinidas Andreiev ; Traducción y prólogo de J. García Marcadal
260 ## - PUBLICACION, DISTRIBUCION, ETC. (PIE DE IMPRENTA) [R]
Lugar de publicación, distribución, etc. [R] Madrid (España)
Nombre del editor, distribuidor, etc. [R] J. García Mercadal
Fecha de publicación, distribución, etc. [R] 1925
300 ## - DESCRIPCION FISICA [R]
Extensión [R] 257 páginas
Dimensiones [R] 18 x 13 cm.
490 #0 - MENCION DE SERIE [R]
Mención de serie [R] Colección Babel
500 ## - NOTA GENERAL [R]
Nota general [NR] Detalles físicos: Encuadernación rígida (holandesa) en cartón forrado en papel. Lomo en tela con adornos en dorado. Guardas. Portada. Texto impreso en una sola columna. Papel con algunas manchas
506 ## - NOTA DE RESTRICCIONES DE ACCESO [R]
Condiciones de acceso [NR] Consulta en sala
650 #7 - ASIENTO SECUNDARIO DE MATERIA - TERMINO TEMATICO [R]
9 (RLIN) 18740
Término temático o nombre geográfico como elemento de entrada [NR] Literatura rusa
650 #7 - ASIENTO SECUNDARIO DE MATERIA - TERMINO TEMATICO [R]
9 (RLIN) 20572
Término temático o nombre geográfico como elemento de entrada [NR] Novela rusa
690 ## - ASUNTO AGREGADO LOCAL DE ENTRADA - TÉRMINO TEMÁTICO (OCLC, RLIN)
9 (RLIN) 42863
Acceso temático local Literatura europea
942 ## - ELEMENTOS DE ENTRADA AGREGADOS (KOHA)
Sistema de clasificación LOCAL
Tipo de ítem principal el descrito en 300a Libro
Edición 1
Clasificación E38N030
Existencias
Suprimido Perdido Dañado No prestable Tipo de ítem específico Ubicación habitual Ubicación actual Localización Fecha de creación Forma de adquisición Total préstamos Signatura topográfica Código de barras Última vez visto Ejemplar Price effective from Tipo de ítem
        Libro archivo Archivo Histórico Archivo Histórico Archivo histórico 05/02/2016 Donación   E38N030 L005334 05/02/2016 Ej.1 05/02/2016 Libro